[Event "EU-ch 19th"]
[Site "Batumi"]
[Date "2018.03.28"]
[Round "11"]
[White "Ahadzade, Kanan"]
[Black "Grinev, Boris"]
[Result "1-0"]
[WhiteElo "1965"]
[BlackElo "2092"]
[PlyCount "83"]
[EventDate "2018.03.17"]
[EventType "swiss"]
[EventRounds "11"]
[EventCountry "GEO"]
[SourceTitle "CBM 184"]
[Source "ChessBase"]
[SourceDate "2018.05.16"]
[SourceVersion "1"]
[SourceVersionDate "2018.05.16"]
[SourceQuality "1"]

1. e4 c5 2. Nc3 Nc6 3. d3 g6 4. Be3 d6 5. d4 cxd4 6. Bxd4 Nxd4 7. Qxd4 Nf6 8. e5 dxe5 9. Qxe5 Bg7 10. Bb5+ Kf8 11. Rd1 Qb6 12. Qc5 Bf5 13. Qxb6 axb6 14. Bd3 e6 15. a3 Ke7 16. Bxf5 gxf5 17. Nge2 Rac8 18. f3 Nd7 19. f4 Nf6 20. Kf2 Rhd8 21. h3 h5 22. Rhe1 Rxd1 23. Rxd1 h4 24. Ke3 Bh6 25. Rd4 Nh5 26. Kf3 Bg7 27. Rb4 Rc6 28. Na4 Rxc2 29. Rxb6 Rc7 30. b4 Rd7 31. Nc5 Rd1 32. Rxb7+ Ke8 33. Rb8+ Ke7 34. Rb7+ Ke8 35. b5 Bf8 36. Rb8+ Ke7 37. b6 Nf6 38. b7 Nd5 39. Nc3 Nxc3 40. Rxf8 Kxf8 41. b8Q+ Kg7 42. Qe5+ 1-0

[Event "EU-ch 19th"]
[Site "Batumi"]
[Date "2018.03.24"]
[Round "7"]
[White "Petriashvili, Nikoloz"]
[Black "Grinev, Boris"]
[Result "1-0"]
[WhiteElo "2329"]
[BlackElo "2092"]
[PlyCount "105"]
[EventDate "2018.03.17"]
[EventType "swiss"]
[EventRounds "11"]
[EventCountry "GEO"]
[SourceTitle "CBM 184"]
[Source "ChessBase"]
[SourceDate "2018.05.16"]
[SourceVersion "1"]
[SourceVersionDate "2018.05.16"]
[SourceQuality "1"]

1. e4 c5 2. Nf3 Nc6 3. d4 cxd4 4. Nxd4 e5 5. Nb5 a6 6. Nd6+ Bxd6 7. Qxd6 Qe7 8. Qd1 Nf6 9. Nc3 d6 10. Bg5 Be6 11. Nd5 Bxd5 12. exd5 Nb8 13. Be2 h6 14. Be3 0-0 15. g4 Nh7 16. h4 Nd7 17. Qd3 e4 18. Qd4 Qe5 19. 0-0-0 Qxd4 20. Rxd4 Rfe8 21. g5 f5 22. gxh6 gxh6 23. Bxh6 Kh8 24. Bh5 Ndf6 25. Bxe8 Rxe8 26. Rg1 Ng4 27. Rxg4 fxg4 28. Bf4 Nf6 29. Bxd6 e3 30. fxe3 Ne4 31. Bf4 g3 32. d6 g2 33. Rd1 Rg8 34. Rg1 Kh7 35. d7 Rd8 36. Rxg2 Rxd7 37. c4 b5 38. Rc2 Rg7 39. b4 Rg1+ 40. Kb2 bxc4 41. Rxc4 Rg2+ 42. Rc2 Rg4 43. h5 Nf6 44. h6 Nd5 45. a3 Nxf4 46. exf4 Rg6 47. Rh2 Rg4 48. Re2 Kxh6 49. Re6+ Rg6 50. Rxg6+ Kxg6 51. a4 Kf5 52. b5 axb5 53. a5 1-0

[Event "EU-ch 19th"]
[Site "Batumi"]
[Date "2018.03.22"]
[Round "6"]
[White "Grinev, Boris"]
[Black "Martsvalashvili, Ruzvelt"]
[Result "1-0"]
[WhiteElo "2092"]
[BlackElo "1671"]
[PlyCount "88"]
[EventDate "2018.03.17"]
[EventType "swiss"]
[EventRounds "11"]
[EventCountry "GEO"]
[SourceTitle "CBM 184"]
[Source "ChessBase"]
[SourceDate "2018.05.16"]
[SourceVersion "1"]
[SourceVersionDate "2018.05.16"]
[SourceQuality "1"]

1. d4 Nf6 2. Nf3 g6 3. Bf4 Bg7 4. e3 0-0 5. Be2 d5 6. c3 Nbd7 7. Qb3 c6 8. h3 Re8 9. Nbd2 Nb6 10. a4 a5 11. 0-0 Nfd7 12. Rfe1 e5 13. dxe5 Nxe5 14. Rad1 Nbd7 15. e4 Nc5 16. Qc2 Nxf3+ 17. Bxf3 Qf6 18. Bg3 dxe4 19. Nxe4 Nxe4 20. Bxe4 Be6 21. Bc7 Bf8 22. Bb6 Qh4 23. b3 Bxb3 24. Qxb3 Rxe4 25. Rxe4 Qxe4 26. Rd7 Be7 27. Be3 b5 28. g3 Rd8 29. Rxd8+ Bxd8 30. axb5 a4 31. Qd1 Bf6 32. b6 Bxc3 33. b7 Be5 34. Qd8+ Kg7 35. b8Q Bxb8 36. Qxb8 a3 37. Qb3 Qe6 38. Qxa3 Qxh3 39. Bd4+ Kh6 40. Qf8+ Kh5 41. Be3 Kg4 42. Qxf7 Qh5 43. f3+ Kxg3 44. Qf4+ Kh3 1-0

[Event "EU-ch 19th"]
[Site "Batumi"]
[Date "2018.03.18"]
[Round "2"]
[White "Grinev, Boris"]
[Black "Korchmar, Vasiliy"]
[Result "0-1"]
[WhiteElo "2092"]
[BlackElo "2411"]
[PlyCount "74"]
[EventDate "2018.03.17"]
[EventType "swiss"]
[EventRounds "11"]
[EventCountry "GEO"]
[SourceTitle "CBM 184"]
[Source "ChessBase"]
[SourceDate "2018.05.16"]
[SourceVersion "1"]
[SourceVersionDate "2018.05.16"]
[SourceQuality "1"]

1. d4 Nf6 2. Nf3 d5 3. Bf4 c5 4. e3 Nc6 5. c3 Qb6 6. b3 Bg4 7. Be2 e6 8. 0-0 Be7 9. h3 Bf5 10. Nbd2 h6 11. Ne5 cxd4 12. exd4 Rc8 13. Be3 0-0 14. b4 Qd8 15. Rc1 Nxe5 16. dxe5 Nd7 17. Bd4 Qc7 18. f4 f6 19. g4 Bh7 20. Nf3 Be4 21. Nd2 fxe5 22. fxe5 Rxf1+ 23. Bxf1 Bg6 24. Nf3 Bxb4 25. Bd3 Bxd3 26. Qxd3 Bc5 27. g5 Nxe5 28. Nxe5 Qxe5 29. Rf1 Bxd4+ 30. cxd4 Qxg5+ 31. Kh1 Rc1 32. Rxc1 Qxc1+ 33. Kg2 Qb2+ 34. Kf3 Qxa2 35. Qg6 Qa3+ 36. Kg4 Qe7 37. h4 Qf7 0-1

[Event "EU-ch 19th"]
[Site "Batumi"]
[Date "2018.03.17"]
[Round "1"]
[White "Kelires, Andreas"]
[Black "Grinev, Boris"]
[Result "1-0"]
[WhiteElo "2523"]
[BlackElo "2092"]
[PlyCount "61"]
[EventDate "2018.03.17"]
[EventType "swiss"]
[EventRounds "11"]
[EventCountry "GEO"]
[SourceTitle "CBM 184"]
[Source "ChessBase"]
[SourceDate "2018.05.16"]
[SourceVersion "1"]
[SourceVersionDate "2018.05.16"]
[SourceQuality "1"]

1. d4 d5 2. Nf3 c6 3. c4 Nf6 4. g3 Bf5 5. Nc3 e6 6. Nh4 Bg6 7. Nxg6 hxg6 8. Qd3 Nbd7 9. Bg2 Be7 10. 0-0 0-0 11. Rd1 a6 12. e4 dxe4 13. Nxe4 Nxe4 14. Qxe4 Nf6 15. Qe2 Re8 16. h4 Qc7 17. Bg5 Rad8 18. Rac1 Qb6 19. Be3 Qa5 20. a3 Qf5 21. Bg5 Qa5 22. Bf3 Kf8 23. Rd3 Ng8 24. Be3 Nh6 25. b4 Qc7 26. d5 exd5 27. cxd5 Bf6 28. dxc6 Nf5 29. cxb7 Qxc1+ 30. Bxc1 Rxe2 31. Rxd8+ 1-0

[Event "World Amateur-ch U2300"]
[Site "Spoleto"]
[Date "2017.04.08"]
[Round "9"]
[White "Grinev, Boris"]
[Black "Taksrud, Vidar"]
[Result "1-0"]
[WhiteElo "2129"]
[BlackElo "1930"]
[PlyCount "97"]
[EventDate "2017.04.01"]
[EventType "swiss"]
[EventRounds "9"]
[EventCountry "ITA"]
[SourceTitle "CBM 177 Extra"]
[Source "ChessBase"]
[SourceDate "2017.04.27"]
[SourceVersion "1"]
[SourceVersionDate "2017.04.27"]
[SourceQuality "1"]

1. d4 Nf6 2. Bf4 e6 3. e3 c5 4. c3 Nc6 5. Nd2 cxd4 6. exd4 d5 7. Ngf3 Bd6 8. Bxd6 Qxd6 9. Bb5 0-0 10. 0-0 Rb8 11. Re1 a6 12. Bd3 Qf4 13. h3 Ne8 14. Re3 f5 15. Ne5 Nd6 16. Ndf3 Ne4 17. Qe1 Ne7 18. a4 Rf6 19. c4 Qh6 20. Qb4 Ng6 21. Nxg6 Qxg6 22. Ne5 Qe8 23. cxd5 exd5 24. f3 Ng3 25. Ree1 Qd8 26. Rac1 Qd6 27. Rc5 Be6 28. Nc4 dxc4 29. Rxe6 Qxd4+ 30. Kh2 Rxe6 31. Bxc4 Nf1+ 32. Kh1 b6 33. Bxe6+ Kh8 34. Qxb6 Rd8 35. Qxd8+ Qxd8 36. Rc8 Qxc8 37. Bxc8 a5 38. Be6 Ng3+ 39. Kg1 Ne2+ 40. Kf2 Nd4 41. Bd5 f4 42. Ke1 Nc2+ 43. Kd2 Ne3 44. Bc6 Nxg2 45. b4 axb4 46. a5 Nh4 47. Be4 b3 48. a6 b2 49. a7 1-0

[Event "World Amateur-ch U2300"]
[Site "Spoleto"]
[Date "2017.04.01"]
[Round "1"]
[White "Akeya Price, Robert A"]
[Black "Grinev, Boris"]
[Result "0-1"]
[WhiteElo "1706"]
[BlackElo "2129"]
[PlyCount "74"]
[EventDate "2017.04.01"]
[EventType "swiss"]
[EventRounds "9"]
[EventCountry "ITA"]
[SourceTitle "CBM 177 Extra"]
[Source "ChessBase"]
[SourceDate "2017.04.27"]
[SourceVersion "1"]
[SourceVersionDate "2017.04.27"]
[SourceQuality "1"]

1. d4 d5 2. c4 c6 3. cxd5 cxd5 4. Nc3 a6 5. Bf4 e6 6. Nf3 Nf6 7. h3 Nc6 8. e3 Bd6 9. Ne5 0-0 10. Nxc6 bxc6 11. Bxd6 Qxd6 12. Bd3 c5 13. 0-0 cxd4 14. exd4 Bd7 15. Qe2 Rfb8 16. Rab1 Rb4 17. Rfd1 g6 18. Qe5 Qxe5 19. dxe5 Nh5 20. a3 Rb3 21. Bc2 Rb6 22. Na4 Rc6 23. Nc3 Rc7 24. g4 Nf4 25. Rd4 g5 26. Kh2 Rb8 27. f3 a5 28. h4 Ne2 29. Rd2 Nxc3 30. bxc3 Rxb1 31. Bxb1 Rxc3 32. Rd3 Rc1 33. Rb3 h6 34. hxg5 hxg5 35. Kg3 Ba4 36. Rb8+ Kg7 37. Rb7 Bd1 0-1